| 000 | 00537nam a2200193Ia 4500 | ||
|---|---|---|---|
| 005 | 20250317125241.0 | ||
| 008 | 008 250317s9999 xx 000 0 eng d | ||
| 020 | _a81-7488-663-X | ||
| 037 | _aTextbook | ||
| 040 |
_aFMSL _beng _cFMSL |
||
| 041 |
_aeng _2eng |
||
| 084 |
_aX65.1 N7 _qFMSL |
||
| 100 | _aBhalla V K | ||
| 245 | 0 | _aManaging international investment and fice | |
| 260 |
_aNew Delhi _bNew Delhi, Anmol Pub. _c1997 |
||
| 300 | _ax506 | ||
| 942 |
_cTB _hX65.1 N7 |
||
| 999 |
_c1258650 _d1258650 |
||